000 00580nam a22001697a 4500
003 PILC
005 20150605132757.0
008 150605b xxu||||| |||| 00| 0 eng d
050 _aT 1
_b.L864 2010
100 _aLopena, Isaiah Thomas M.
245 _aOnline inquiry system of the civil registry office of Las PiƱas City /
_cIsaiah Thomas M. Lopena.
260 _aMuntinlupa City:
_bSMC,
_c2010.
300 _aviii, 36 pages :
_billustrations ;
_c28 cm.
500 _aIncludes bibliographical references and appendices.
650 _aManagement system.
942 _2lcc
_cTH
_kLOC
999 _c284762
_d284762